000 00574nam a22001931i 4500
001 000030330
003 RuMoIPM
005 20260416123011.0
008 110829s1977----ru | c rus
040 _aRuMoIPM
_brus
_ercr
041 0 _arus
080 _a51
100 1 _aКудрявцев, Лев Дмитриевич
245 1 _aМысли о современной математике и ее изучении
_cЛ. Д. Кудрявцев
260 _aМосква
_bНаука
_c1977
300 _a111 с.
504 _aБиблиогр.: с. 110
942 _cBK
999 _c30330
_d30330